[Event "HUN-chT2 Szechenyi 1213"]
[Site "Hungary"]
[Date "2012.11.04"]
[Round "3.1"]
[White "Nagy, Kristof"]
[Black "Oltean, Gusztav"]
[Result "1/2-1/2"]
[WhiteElo "2058"]
[BlackElo "2081"]
[PlyCount "28"]
[EventDate "2012.09.16"]
[EventType "team-tourn"]
[EventRounds "11"]
[EventCountry "HUN"]
[SourceTitle "EXT 2014"]
[Source "ChessBase"]
[SourceDate "2013.11.20"]
[SourceVersion "1"]
[SourceVersionDate "2013.11.20"]
[SourceQuality "1"]
[WhiteTeam "Zalaegerszeg Bagi"]
[BlackTeam "Veszprem"]
[WhiteTeamCountry "HUN"]
[BlackTeamCountry "HUN"]

1. e4 c6 2. d3 d5 3. Nd2 e5 4. Ngf3 Bd6 5. g3 Nf6 6. Bg2 0-0 7. 0-0 Bg4 8. c3 Qd7 9. Re1 Re8 10. Qc2 a5 11. Nf1 h6 12. Ne3 Be6 13. Bd2 Ng4 14. Rad1 Nxe3 1/2-1/2

[Event "HUN-chT2 Szechenyi 1112"]
[Site "Hungary"]
[Date "2011.11.13"]
[Round "3.5"]
[White "Odor, Istvan"]
[Black "Nagy, Kristof"]
[Result "1-0"]
[WhiteElo "2073"]
[BlackElo "2041"]
[PlyCount "47"]
[EventDate "2011.09.25"]
[EventType "team-tourn"]
[EventRounds "11"]
[EventCountry "HUN"]
[SourceTitle "EXT 2013"]
[Source "ChessBase"]
[SourceDate "2012.11.22"]
[SourceVersion "1"]
[SourceVersionDate "2012.11.22"]
[SourceQuality "1"]
[WhiteTeam "Sarvar"]
[BlackTeam "Zalaegerszeg"]
[WhiteTeamCountry "HUN"]
[BlackTeamCountry "HUN"]

1. e4 c5 2. Nf3 d6 3. d4 cxd4 4. Nxd4 Nf6 5. Nc3 Nc6 6. Bc4 e6 7. Be3 Be7 8. Qe2 a6 9. Bb3 Qc7 10. Rg1 0-0 11. g4 Nxd4 12. Bxd4 Nd7 13. g5 Rd8 14. Qh5 Nc5 15. Rg3 Bf8 16. Rh3 h6 17. gxh6 f6 18. hxg7 Bxg7 19. Qh7+ Kf7 20. Bxf6 Kxf6 21. Rf3+ Kg5 22. h4+ Kg4 23. Qg6+ Kxh4 24. Rh3+ 1-0

[Event "HUN-chT U18"]
[Site "Miskolc"]
[Date "2011.11.02"]
[Round "1.3"]
[White "Csillik, Kristof"]
[Black "Nagy, Kristof"]
[Result "1-0"]
[WhiteElo "1607"]
[BlackElo "2043"]
[PlyCount "83"]
[EventDate "2011.11.02"]
[EventType "team-swiss"]
[EventRounds "8"]
[EventCountry "HUN"]
[SourceTitle "EXT 2012"]
[Source "ChessBase"]
[SourceDate "2011.11.24"]
[SourceVersion "1"]
[SourceVersionDate "2011.11.24"]
[SourceQuality "1"]
[WhiteTeam "Husi"]
[BlackTeam "Csuti"]
[WhiteTeamCountry "HUN"]
[BlackTeamCountry "HUN"]

1. e4 c5 2. Nf3 d6 3. d4 cxd4 4. Nxd4 Nf6 5. Nc3 Nc6 6. h3 a6 7. Be3 e6 8. Qd2 Qc7 9. Be2 Be7 10. 0-0 0-0 11. f4 Rb8 12. Rab1 Nxd4 13. Bxd4 b5 14. a3 Bb7 15. e5 Nd7 16. exd6 Bxd6 17. Rbd1 Bc5 18. Bxc5 Qxc5+ 19. Qd4 Rfd8 20. Qxc5 Nxc5 21. Rxd8+ Rxd8 22. Rd1 Rxd1+ 23. Bxd1 Kf8 24. Kf2 Ke7 25. Bf3 Bc8 26. b4 Nd7 27. Ke3 f5 28. Kd4 Kd6 29. g3 h6 30. a4 e5+ 31. Ke3 bxa4 32. Nxa4 g5 33. c4 gxf4+ 34. gxf4 e4 35. Be2 a5 36. c5+ Kd5 37. Nc3+ Ke6 38. Bc4+ Ke7 39. Nd5+ Ke8 40. c6 Nf8 41. bxa5 Ne6 42. a6 1-0

[Event "HUN-chT2 Szechenyi 1112"]
[Site "Hungary"]
[Date "2011.09.25"]
[Round "1.8"]
[White "Nagy, Kristof"]
[Black "Domonkos, Tamas"]
[Result "1-0"]
[WhiteElo "2041"]
[BlackElo "1928"]
[PlyCount "107"]
[EventDate "2011.09.25"]
[EventType "team-tourn"]
[EventRounds "11"]
[EventCountry "HUN"]
[SourceTitle "EXT 2013"]
[Source "ChessBase"]
[SourceDate "2012.11.22"]
[SourceVersion "1"]
[SourceVersionDate "2012.11.22"]
[SourceQuality "1"]
[WhiteTeam "Zalaegerszeg"]
[BlackTeam "Tapolca"]
[WhiteTeamCountry "HUN"]
[BlackTeamCountry "HUN"]

1. e4 c6 2. d3 d5 3. Nd2 e5 4. g3 Nf6 5. Bg2 Bc5 6. Ngf3 Bg4 7. h3 Bxf3 8. Qxf3 0-0 9. 0-0 Nbd7 10. Nb3 dxe4 11. dxe4 Be7 12. Be3 Qc7 13. Rad1 Rad8 14. g4 Nb6 15. g5 Nfd7 16. h4 Nc4 17. Bc1 Ndb6 18. Nd2 Bb4 19. Nxc4 Nxc4 20. Qb3 Nd2 21. Qxb4 Nxf1 22. Rxf1 c5 23. Qc3 Rd7 24. Qg3 Rfd8 25. Bf3 c4 26. h5 Qd6 27. Be3 b6 28. Bg4 Re7 29. Rd1 Qc7 30. Rxd8+ Qxd8 31. g6 f6 32. Be2 Qc8 33. gxh7+ Kxh7 34. Qg6+ Kh8 35. Bg4 Qe8 36. Qxe8+ Rxe8 37. Kg2 Kg8 38. Kg3 Kf7 39. f4 exf4+ 40. Kxf4 Rd8 41. e5 fxe5+ 42. Kxe5 Re8+ 43. Kd4 c3 44. b4 Re7 45. Bg5 Re1 46. Bf3 Rg1 47. Bh4 Ke6 48. Kxc3 Rf1 49. Be2 Rh1 50. Bf2 Rh3+ 51. Kb2 Kd5 52. Bg4 Rh2 53. Bg3 Rd2 54. Kc3 1-0